[Event "FSGM February"]
[Site "Budapest HUN"]
[Date "2006.02.14"]
[EventDate "2006.02.04"]
[Round "11"]
[Result "1/2-1/2"]
[White "Bill Paschall"]
[Black "Anna Muzychuk"]
[WhiteElo "2368"]
[BlackElo "2417"]
[PlyCount "36"]

1. e4 c5 2. Nf3 e6 3. d4 cxd4 4. Nxd4 a6 5. Bd3 Bc5 6. Nb3 Ba7
7. O-O Nc6 8. Nc3 d6 9. Qe2 Nge7 10. Be3 e5 11. Bxa7 Rxa7
12. Rad1 O-O 13. Qe3 Be6 14. Nd5 b5 15. c4 Qb8 16. Rc1 h6
17. Rfd1 Rd8 18. Rd2 Rb7 1/2-1/2

[Event "FSGM February"]
[Site "Budapest HUN"]
[Date "2006.02.15"]
[EventDate "2006.02.04"]
[Round "12"]
[Result "1/2-1/2"]
[White "Anna Muzychuk"]
[Black "Andrew J Muir"]
[WhiteElo "2417"]
[BlackElo "2325"]
[PlyCount "44"]

1. e4 c5 2. Nc3 Nc6 3. g3 g6 4. Bg2 Bg7 5. d3 d6 6. f4 Nf6
7. Nf3 O-O 8. O-O Rb8 9. h3 b5 10. g4 b4 11. Ne2 a5 12. Be3
Ba6 13. Rb1 Nd7 14. Qe1 e6 15. b3 a4 16. Ng5 axb3 17. axb3 Bb7
18. Qg3 Ra8 19. f5 Qe7 20. Rf2 Ra2 21. Rbf1 Nce5 22. Nc1 Ra1
1/2-1/2

[Event "FSGM February"]
[Site "Budapest HUN"]
[Date "2006.02.16"]
[EventDate "2006.02.04"]
[Round "13"]
[Result "0-1"]
[White "Peter Prohaszka"]
[Black "Anna Muzychuk"]
[WhiteElo "2344"]
[BlackElo "2417"]
[PlyCount "72"]

1. e4 c5 2. c4 Nc6 3. Nf3 e5 4. Nc3 d6 5. Be2 g6 6. d3 Bg7
7. h4 h5 8. Nd5 Nh6 9. Bg5 f6 10. Bd2 Ng4 11. Bc3 Be6 12. Nd2
f5 13. Bxg4 fxg4 14. b4 cxb4 15. Nxb4 O-O 16. Nd5 Rf7 17. Qe2
Qd7 18. O-O Raf8 19. f3 Bh6 20. fxg4 Bxg4 21. Qe1 Nd8 22. Rxf7
Rxf7 23. Ne3 Ne6 24. Nxg4 hxg4 25. Nf1 Qc8 26. Kh1 Nf4 27. Rd1
Nh5 28. Ng3 Nxg3+ 29. Qxg3 Bf4 30. Qe1 g3 31. Qe2 Rh7 32. Kg1
Rxh4 33. d4 Qc7 34. Qf3 g5 35. c5 g4 36. Qd3 Rh1+ 0-1

[Event "7th European Individual Championship: Women"]
[Site "Kusadasi TUR"]
[Date "2006.04.12"]
[EventDate "2006.04.04"]
[Round "8"]
[Result "1/2-1/2"]
[White "Anna Muzychuk"]
[Black "Sopio Gvetadze"]
[WhiteElo "2417"]
[BlackElo "2257"]
[PlyCount "41"]

1. e4 Nf6 2. e5 Nd5 3. d4 d6 4. Nf3 dxe5 5. dxe5 Bg4 6. Be2
Nc6 7. O-O e6 8. c4 Nb6 9. Nbd2 Be7 10. h3 Bh5 11. b3 O-O
12. Bb2 Bg6 13. a3 a5 14. Re1 Qd7 15. Qc1 Rfd8 16. Nf1 Bc5
17. Ng3 Qe7 18. Qf4 Rd7 19. Ne4 Rad8 20. Nxc5 Qxc5 21. Rac1
1/2-1/2

[Event "7th European Individual Championship: Women"]
[Site "Kusadasi TUR"]
[Date "2006.04.13"]
[EventDate "2006.04.04"]
[Round "9"]
[Result "0-1"]
[White "Maria Kursova"]
[Black "Anna Muzychuk"]
[WhiteElo "2319"]
[BlackElo "2417"]
[PlyCount "110"]

1. d4 d6 2. Nf3 Nf6 3. c4 Nbd7 4. Nc3 e5 5. g3 g6 6. Bg2 Bg7
7. O-O O-O 8. e4 exd4 9. Nxd4 Re8 10. h3 a6 11. Be3 Rb8 12. a4
a5 13. Ndb5 Ne5 14. b3 Bd7 15. Qc2 Nc6 16. Rad1 Nb4 17. Qc1
Bxb5 18. axb5 Nd7 19. Bg5 Bf6 20. Be3 Qe7 21. Na4 b6 22. Rfe1
h5 23. h4 Ne5 24. Re2 Ng4 25. Bf4 Be5 26. Nc3 Bxf4 27. Qxf4
Qe5 28. Qd2 Rbd8 29. Kh1 Qg7 30. Nd5 Nxd5 31. cxd5 Re7 32. Bh3
Rde8 33. f3 Ne5 34. Qf4 Ra8 35. Ra2 Qf8 36. Bf1 Nd7 37. Qd2
Nc5 38. Bc4 f5 39. exf5 Qxf5 40. Kg2 Rf8 41. Rf1 Rg7 42. Qh6
Re8 43. Rd2 Rh7 44. Qg5 Qxg5 45. hxg5 Rhe7 46. Rb1 Re5 47. b4
axb4 48. Rxb4 Rxg5 49. Ba2 Rge5 50. Bb1 Kg7 51. Kf2 Ra8
52. Be4 Ra3 53. Rc2 Kf6 54. Rd2 g5 55. Bb1 Ree3 0-1

[Event "Russian Club Championship: Women"]
[Site "Sochi RUS"]
[Date "2006.04.24"]
[EventDate "2006.04.20"]
[Round "5"]
[Result "0-1"]
[White "Olesia Shevchenko"]
[Black "Anna Muzychuk"]
[WhiteElo "2016"]
[BlackElo "2418"]
[PlyCount "70"]

1. Nf3 Nf6 2. c4 c5 3. g3 Nc6 4. Bg2 e5 5. O-O d6 6. d3 g6
7. b3 Bg7 8. Bb2 O-O 9. e3 Bf5 10. d4 exd4 11. exd4 Re8
12. dxc5 dxc5 13. Qxd8 Raxd8 14. Nc3 Ne4 15. Na4 Bxb2 16. Nxb2
Nc3 17. Nd1 Ne2+ 18. Kh1 Be4 19. Ne3 Nb4 20. Ng1 Nc3 21. Bxe4
Rxe4 22. a3 Nd3 23. Kg2 a5 24. Nf3 Re6 25. Nd1 Ne4 26. Ne3
Nexf2 27. Rxf2 Rxe3 28. Rd2 Ne1+ 29. Kh3 Rxd2 30. Nxd2 Re2
31. Rd1 h5 32. a4 g5 33. Nf1 Nf3 34. g4 Ng1+ 35. Kg3 h4# 0-1

[Event "Russian Club Championship: Women"]
[Site "Sochi RUS"]
[Date "2006.04.25"]
[EventDate "2006.04.20"]
[Round "6"]
[Result "0-1"]
[White "Vera Nebolsina"]
[Black "Anna Muzychuk"]
[WhiteElo "2274"]
[BlackElo "2418"]
[PlyCount "102"]

1. d4 Nf6 2. Nf3 c5 3. d5 e6 4. c4 b5 5. dxe6 fxe6 6. cxb5 d5
7. Bf4 a6 8. e3 Bd6 9. Bxd6 Qxd6 10. Nc3 O-O 11. Be2 Nbd7
12. O-O axb5 13. Nxb5 Qb8 14. Ng5 Re8 15. e4 h6 16. Nxe6 Rxe6
17. exd5 Re5 18. f4 Re4 19. d6 Ba6 20. a4 Bxb5 21. Bxb5 Rd4
22. Qf3 Ra7 23. Rae1 Qxd6 24. b3 Nb6 25. Re5 Nbd5 26. Bc4 Kh8
27. Qh3 Ra8 28. Qf5 Ne7 29. Qh3 Ng6 30. Qf5 Rxf4 31. Rxf4 Qxe5
32. Qxe5 Nxe5 33. Bb5 Kg8 34. Rf5 Ned7 35. g4 g6 36. Rf3 Kg7
37. Re3 Kf7 38. Bc4+ Kf8 39. Re6 Re8 40. Rc6 Nxg4 41. Rxg6
Nde5 42. Rg8+ Ke7 43. Rg7+ Kf6 44. Rc7 Nxc4 45. bxc4 Re1+
46. Kg2 Ra1 47. Rc6+ Kf5 48. Rxc5+ Kf4 49. Rh5 Rxa4 50. h3
Ne3+ 51. Kf2 Nf5 0-1

[Event "Russian Club Championship: Women"]
[Site "Sochi RUS"]
[Date "2006.04.26"]
[EventDate "2006.04.20"]
[Round "7"]
[Result "1/2-1/2"]
[White "Anna Muzychuk"]
[Black "Irina Sudakova"]
[WhiteElo "2418"]
[BlackElo "2391"]
[PlyCount "49"]

1. c4 e6 2. e4 d5 3. exd5 exd5 4. d4 Nf6 5. Nf3 Be7 6. Nc3 O-O
7. h3 Re8 8. Be2 dxc4 9. Bxc4 Bb4+ 10. Be3 Be6 11. Bd3 Nbd7
12. O-O h6 13. a3 Bf8 14. Bc2 Nd5 15. Qd3 g6 16. Qd2 Kh7
17. Bd3 Bg7 18. Rac1 c6 19. Rfe1 Nxc3 20. bxc3 Qa5 21. c4 Qxd2
22. Bxd2 Rad8 23. Be3 Nb6 24. Rc2 Rd7 25. Rb1 1/2-1/2

[Event "Russian Club Championship: Women"]
[Site "Sochi RUS"]
[Date "2006.04.27"]
[EventDate "2006.04.20"]
[Round "8"]
[Result "1-0"]
[White "Anna Muzychuk"]
[Black "Iulia Gromova"]
[WhiteElo "2418"]
[BlackElo "2195"]
[PlyCount "53"]

1. e4 c6 2. d4 d5 3. e5 Bf5 4. Nc3 e6 5. g4 Bg6 6. Nge2 f6
7. h4 Nd7 8. h5 Bf7 9. f4 c5 10. Be3 Ne7 11. exf6 gxf6 12. Bg2
Nc6 13. Qd2 cxd4 14. Nxd4 e5 15. fxe5 fxe5 16. Nxd5 Bxd5
17. Bxd5 exd4 18. Bxc6 dxe3 19. Qxe3+ Qe7 20. Bxd7+ Kxd7
21. O-O-O+ Kc7 22. Qf4+ Kb6 23. Rhe1 Qb4 24. Re6+ Ka5 25. Rd5+
Bc5 26. Re4 Qb5 27. Rxc5 1-0

[Event "Russian Club Championship: Women"]
[Site "Sochi RUS"]
[Date "2006.04.29"]
[EventDate "2006.04.20"]
[Round "10"]
[Result "1/2-1/2"]
[White "Sandugach Shaydullina"]
[Black "Anna Muzychuk"]
[WhiteElo "2293"]
[BlackElo "2418"]
[PlyCount "144"]

1. d4 Nf6 2. c4 c5 3. d5 e6 4. Nc3 exd5 5. cxd5 Bd6 6. Nf3 O-O
7. g3 Re8 8. Bg2 Bc7 9. O-O d6 10. Nd2 a6 11. a4 Nbd7 12. Nc4
Rb8 13. Bf4 Nf8 14. a5 Ng6 15. Bg5 h6 16. Bxf6 Qxf6 17. f4 Bg4
18. h3 Qd4+ 19. Qxd4 cxd4 20. hxg4 dxc3 21. bxc3 Rxe2 22. Rfb1
Nf8 23. Kf1 Ree8 24. Bh3 g5 25. fxg5 hxg5 26. Ra2 Nd7 27. Rf2
Re4 28. Rb4 Nc5 29. Bg2 Re7 30. Rf5 Nd3 31. Rb1 Rbe8 32. Rxg5+
Kf8 33. Kg1 Re1+ 34. Rxe1 Rxe1+ 35. Bf1 Rc1 36. Rf5 Nc5 37. g5
Kg7 38. Rf4 Rxc3 39. Kh2 Nb3 40. Rf6 Rc1 41. Ne3 Bd8 42. Rxd6
Bxg5 43. Nf5+ Kg8 44. Bg2 Nxa5 45. Rd7 Kf8 46. Bh3 Rc2+
47. Kg1 Rc8 48. d6 Rd8 49. Rc7 Nc6 50. Rxb7 Nd4 51. Nxd4 Be3+
52. Kg2 Bxd4 53. d7 a5 54. Kf3 Ke7 55. Ke4 Bf2 56. Kf3 Bd4
57. Rb5 Bc3 58. Ke4 f6 59. Rb6 Be5 60. Kf3 Rg8 61. Bg4 a4
62. Re6+ Kxd7 63. Ra6+ Ke7 64. Rxa4 Rb8 65. Ra7+ Kd6 66. Rd7+
Kc6 67. Rd3 Rg8 68. Bd7+ Kc7 69. g4 Rd8 70. Bf5 Rxd3+ 71. Bxd3
Kd6 72. Ke4 Ke7 1/2-1/2

[Event "Biel Int'l Festival (Ladies)"]
[Site "Biel SUI"]
[Date "2006.07.24"]
[EventDate "2006.07.24"]
[Round "1"]
[Result "1/2-1/2"]
[White "Ekaterina Polovnikova-Atalik"]
[Black "Anna Muzychuk"]
[WhiteElo "2377"]
[BlackElo "2456"]
[PlyCount "128"]

1. d4 Nf6 2. c4 d6 3. Nf3 g6 4. Nc3 Bf5 5. g3 Ne4 6. Nd2 Nxd2
7. Bxd2 Qc8 8. e4 Bh3 9. Qa4+ Bd7 10. Qc2 Nc6 11. Be3 Bg7
12. O-O-O e5 13. d5 Nd4 14. Bxd4 exd4 15. Ne2 c5 16. dxc6 bxc6
17. Nxd4 Rb8 18. f4 O-O 19. Nb3 Qa6 20. Kb1 c5 21. e5 Bf5
22. Bd3 Bxd3 23. Rxd3 dxe5 24. fxe5 Rb4 25. Nxc5 Qc6 26. Rd5
Bxe5 27. b3 Bg7 28. Nd3 Rbb8 29. Rf1 Rfe8 30. Qf2 Re7 31. Qc5
Qe8 32. Qd6 a5 33. c5 a4 34. b4 Re2 35. a3 Kh8 36. c6 Re6
37. Qd7 Rxc6 38. Rxf7 Rc3 39. Rxg7 Rb3+ 40. Nb2 Qe1+ 41. Rd1
Qe4+ 42. Rd3 Qxd3+ 43. Qxd3 Rxd3 44. Rxh7+ Kxh7 45. Nxd3 Kg7
46. Kb2 Kf6 47. Nc5 Re8 48. b5 Ke5 49. Nxa4 Kd6 50. Kb3 Re2
51. Nc3 Rxh2 52. Kc4 Rg2 53. a4 Kc7 54. Ne4 Kb6 55. Kd4 Ra2
56. Nc3 Ra3 57. g4 Ka5 58. g5 Ra1 59. Ke5 Rf1 60. Ne4 Rf5+
61. Ke6 Kb6 62. Kd6 Rf4 63. Ke5 Rf1 64. Nd6 Rf2 1/2-1/2

[Event "Biel Int'l Festival (Ladies)"]
[Site "Biel SUI"]
[Date "2006.07.25"]
[EventDate "2006.07.24"]
[Round "2"]
[Result "1/2-1/2"]
[White "Pia Cramling"]
[Black "Anna Muzychuk"]
[WhiteElo "2521"]
[BlackElo "2456"]
[PlyCount "92"]

1. d4 f5 2. g3 Nf6 3. Bg2 g6 4. b3 Bg7 5. Bb2 d6 6. Nf3 O-O
7. O-O e6 8. c4 Qe7 9. Nc3 c6 10. Ba3 c5 11. dxc5 dxc5 12. Ne1
Na6 13. Nd3 Rd8 14. Rc1 Rb8 15. Qc2 Bd7 16. Nb5 e5 17. Rfd1 g5
18. Nb2 e4 19. Nxa7 f4 20. Na4 e3 21. f3 fxg3 22. hxg3 Qe5
23. Qc3 Qe7 24. Nb6 Bf5 25. Qe1 Qc7 26. Na4 h5 27. Nb5 Qe7
28. Rxd8+ Rxd8 29. Rd1 h4 30. Rxd8+ Qxd8 31. Bc1 Qe7 32. Nac3
hxg3 33. Qxg3 Nh5 34. Qd6 Qxd6 35. Nxd6 Ng3 36. Nxf5 Nxf5
37. Nd5 Bd4 38. Bh3 Ng3 39. Bf1 Nb4 40. Nxb4 cxb4 41. a3 bxa3
42. Bxa3 Be5 43. Bc5 Bf4 44. Kg2 Nf5 45. Kg1 Ng3 46. Kg2 Nf5
1/2-1/2

[Event "Biel Int'l Festival (Ladies)"]
[Site "Biel SUI"]
[Date "2006.07.26"]
[EventDate "2006.07.24"]
[Round "3"]
[Result "0-1"]
[White "Anna Muzychuk"]
[Black "Monika (Bobrowska) Socko"]
[WhiteElo "2456"]
[BlackElo "2464"]
[PlyCount "112"]

1. e4 e6 2. d4 d5 3. Nc3 Bb4 4. e5 c5 5. a3 Bxc3+ 6. bxc3 Qa5
7. Bd2 Qa4 8. Qb1 a6 9. Qb3 Qxb3 10. cxb3 Nc6 11. Nf3 Na5
12. Rb1 c4 13. bxc4 dxc4 14. Ng5 Ne7 15. Be2 O-O 16. Bf3 Bd7
17. Ke2 Bc6 18. Bxc6 Nexc6 19. Ne4 b5 20. Nc5 Rfb8 21. f4 Nb7
22. Ne4 Nca5 23. g4 Nb3 24. Be3 a5 25. f5 b4 26. axb4 axb4
27. cxb4 Nd8 28. Nc3 Nc6 29. b5 Nb4 30. Rb2 Ra3 31. Nb1 Ra1
32. Rd1 Nd5 33. Rc2 Ra4 34. Nd2 Na5 35. Ne4 Rxb5 36. Rdc1 Ra3
37. Bf2 Rbb3 38. Nc5 Rf3 39. fxe6 Nf4+ 40. Kf1 fxe6 41. Kg1
Nc6 42. Rf1 c3 43. Be1 Nxd4 44. Rxf3 Nxf3+ 45. Kf2 Nxe1
46. Kxe1 Nd5 47. Ne4 Rb3 48. Rc1 h6 49. h3 Kh7 50. Ke2 Rb2+
51. Kf3 Ra2 52. Nc5 c2 53. Nxe6 Nb4 54. Ke4 Ra4 55. Ke3 Ra3+
56. Kd4 Rd3+ 0-1

[Event "Biel Int'l Festival (Ladies)"]
[Site "Biel SUI"]
[Date "2006.07.27"]
[EventDate "2006.07.24"]
[Round "4"]
[Result "1/2-1/2"]
[White "Anna Muzychuk"]
[Black "Yelena Dembo"]
[WhiteElo "2456"]
[BlackElo "2465"]
[PlyCount "62"]

1. e4 c5 2. c4 Nc6 3. Ne2 e5 4. Nbc3 g6 5. g3 Bg7 6. Bg2 Nge7
7. O-O O-O 8. a3 d6 9. d3 Be6 10. Rb1 Qd7 11. b4 b6 12. Be3
Rad8 13. Qd2 Bh3 14. Nd5 Bxg2 15. Nxe7+ Qxe7 16. Kxg2 Qe6
17. f3 f5 18. b5 Ne7 19. a4 Rf7 20. a5 Rdf8 21. Bg5 Nc8
22. Be3 h6 23. Rbc1 Kh7 24. h3 Ne7 25. g4 Ng8 26. Nc3 h5
27. Qe2 f4 28. Bd2 Bf6 29. Nd5 Bd8 30. Ra1 g5 31. Rh1 Nh6
1/2-1/2

[Event "Biel Int'l Festival (Ladies)"]
[Site "Biel SUI"]
[Date "2006.07.30"]
[EventDate "2006.07.24"]
[Round "6"]
[Result "1-0"]
[White "Anna Muzychuk"]
[Black "Ekaterina Polovnikova-Atalik"]
[WhiteElo "2456"]
[BlackElo "2377"]
[PlyCount "113"]

1. e4 e5 2. Nf3 Nc6 3. Bc4 Nf6 4. d4 exd4 5. e5 d5 6. Bb5 Ne4
7. Nxd4 Bd7 8. Bxc6 bxc6 9. O-O Bc5 10. Be3 Bb6 11. f3 c5
12. Ne2 d4 13. Bf4 Ng5 14. c4 Ne6 15. Bg3 h5 16. f4 h4 17. Be1
h3 18. g4 Nf8 19. Nc1 Qc8 20. f5 Qb7 21. Qe2 O-O-O 22. Nd2 g6
23. Ne4 gxf5 24. gxf5 Bc6 25. Ng3 Nh7 26. Bd2 Rdg8 27. Nd3 Ng5
28. Bxg5 Rxg5 29. Rf2 Rhg8 30. Re1 Qa6 31. b3 Ba5 32. Ref1 Ba8
33. Nf4 Bc3 34. Qd3 Qh6 35. Nd5 Re8 36. Re2 Qa6 37. Rf3 Rd8
38. e6 fxe6 39. fxe6 Bxd5 40. cxd5 Qxd3 41. Rxd3 Rgxd5 42. Ne4
Rg8+ 43. Rg3 Re8 44. Nxc3 dxc3 45. Rxc3 Rh5 46. Kf2 Kb7 47. e7
Kb6 48. Re6+ Kb5 49. Rd3 Rhh8 50. Kf3 Rhg8 51. Kf4 Rg7 52. Rd7
c6 53. Kf5 Rf7+ 54. Kg6 Rf2 55. Rd8 Rxe7 56. Rxe7 Rxh2
57. Rb8+ 1-0

[Event "Biel Int'l Festival (Ladies)"]
[Site "Biel SUI"]
[Date "2006.07.31"]
[EventDate "2006.07.24"]
[Round "7"]
[Result "1/2-1/2"]
[White "Anna Muzychuk"]
[Black "Pia Cramling"]
[WhiteElo "2456"]
[BlackElo "2521"]
[PlyCount "29"]

1. e4 c5 2. Nc3 Nc6 3. g3 g6 4. d3 Bg7 5. Bg2 d6 6. f4 e6
7. Nf3 Nge7 8. O-O O-O 9. Be3 Rb8 10. Bf2 b5 11. a3 Nd4 12. e5
Nxf3+ 13. Qxf3 Bb7 14. Qe2 Bxg2 15. Kxg2 1/2-1/2

[Event "Biel Int'l Festival (Ladies)"]
[Site "Biel SUI"]
[Date "2006.08.01"]
[EventDate "2006.07.24"]
[Round "8"]
[Result "1/2-1/2"]
[White "Monika (Bobrowska) Socko"]
[Black "Anna Muzychuk"]
[WhiteElo "2464"]
[BlackElo "2456"]
[PlyCount "49"]

1. d4 d5 2. Nf3 Nf6 3. c4 dxc4 4. e3 e6 5. Bxc4 a6 6. Qe2 c5
7. dxc5 Bxc5 8. O-O Nc6 9. e4 b5 10. Bb3 e5 11. h3 O-O 12. Nc3
Nd4 13. Nxd4 Bxd4 14. Bg5 h6 15. Bh4 Qb6 16. Rad1 b4 17. Bxf6
bxc3 18. bxc3 Bxc3 19. Be7 Re8 20. Ba3 Bd4 21. Bb2 Bxb2
22. Qxb2 Be6 23. Rd3 Rad8 24. Rfd1 Bxb3 25. Rxd8 1/2-1/2

[Event "Biel Int'l Festival (Ladies)"]
[Site "Biel SUI"]
[Date "2006.08.03"]
[EventDate "2006.07.24"]
[Round "10"]
[Result "1/2-1/2"]
[White "Yelena Dembo"]
[Black "Anna Muzychuk"]
[WhiteElo "2465"]
[BlackElo "2456"]
[PlyCount "33"]

1. e4 c5 2. Nf3 Nc6 3. d4 cxd4 4. Nxd4 Nf6 5. Nc3 e5 6. Ndb5
d6 7. Nd5 Nxd5 8. exd5 Nb8 9. c4 Be7 10. Bd3 a6 11. Nc3 O-O
12. O-O f5 13. f3 Bg5 14. Bxg5 Qxg5 15. f4 exf4 16. Qe2 Kh8
17. Rae1 1/2-1/2

[Event "3rd Szeged Cup"]
[Site "Szeged HUN"]
[Date "2006.09.10"]
[EventDate "2006.09.10"]
[Round "1"]
[Result "1-0"]
[White "Anna Muzychuk"]
[Black "Tamara Bolvary"]
[WhiteElo "2456"]
[BlackElo "2104"]
[PlyCount "59"]

1. e4 c5 2. Nf3 e6 3. c4 a6 4. Nc3 Qc7 5. Be2 Nf6 6. O-O b6
7. d4 cxd4 8. Nxd4 Bb7 9. f3 Bd6 10. Kh1 Be7 11. Be3 O-O
12. Rc1 d6 13. Qe1 Nbd7 14. Qg3 Rfe8 15. Rfd1 Rac8 16. b4 Qb8
17. Nb3 Bf8 18. a3 Bc6 19. Qf2 Be7 20. g4 g6 21. g5 Nh5 22. f4
Ng7 23. Bf3 f5 24. Nd4 Bb7 25. exf5 exf5 26. Nd5 Bd8 27. Re1
Qa8 28. Qg2 Kh8 29. Nb3 Ne6 30. Bd4+ 1-0

[Event "3rd Szeged Cup"]
[Site "Szeged HUN"]
[Date "2006.09.10"]
[EventDate "2006.09.10"]
[Round "2"]
[Result "1/2-1/2"]
[White "Sabina-Francesca Foisor"]
[Black "Anna Muzychuk"]
[WhiteElo "2292"]
[BlackElo "2456"]
[PlyCount "122"]

1. d4 d5 2. c4 e5 3. dxe5 d4 4. Nf3 Nc6 5. g3 Nge7 6. Bg2 Ng6
7. Bg5 Qd7 8. Qb3 Ngxe5 9. Nxe5 Nxe5 10. O-O Bc5 11. Nd2 f6
12. Ne4 Be7 13. Bf4 Ng6 14. Bd2 c5 15. Rad1 O-O 16. Bc1 Qc7
17. Nd2 f5 18. f4 Bf6 19. Kh1 Re8 20. Rfe1 Re3 21. Qc2 Bd7
22. Nb3 Re7 23. e4 fxe4 24. Rxe4 Rae8 25. Rxe7 Rxe7 26. Qf2
Bc6 27. Bd2 b6 28. Nc1 Qb7 29. Re1 Rxe1+ 30. Bxe1 Ne7 31. b3
Nf5 32. Bxc6 Qxc6+ 33. Qg2 Qe6 34. Bd2 h5 35. Kg1 Nd6 36. Qa8+
Kh7 37. Qf3 Qf5 38. Kg2 g6 39. Nd3 Qe6 40. Be1 Ne4 41. Ne5 Nd6
42. Nd3 Bg7 43. h3 Ne4 44. Ne5 Ng5 45. fxg5 Qxe5 46. Bd2 a6
47. a4 Qe8 48. Qd3 Kg8 49. Kf2 Qe6 50. Kg2 Bf8 51. Bf4 Bd6
52. Bxd6 Qxd6 53. Kf3 Qe6 54. h4 Kf7 55. Qe4 Qxe4+ 56. Kxe4
Ke6 57. Kf4 Kd6 58. Ke4 Ke6 59. Kf4 Kd7 60. Ke4 Ke6 61. Kf4
Kd6 1/2-1/2

[Event "3rd Szeged Cup"]
[Site "Szeged HUN"]
[Date "2006.09.11"]
[EventDate "2006.09.10"]
[Round "3"]
[Result "1-0"]
[White "Anna Muzychuk"]
[Black "Gabriela Olarasu"]
[WhiteElo "2456"]
[BlackElo "2222"]
[PlyCount "83"]

1. e4 d6 2. Nc3 e5 3. f4 exf4 4. Bc4 Qh4+ 5. Kf1 Be6 6. Bb3 a6
7. d4 Nf6 8. Nf3 Qh6 9. Qd2 Nh5 10. Kf2 Be7 11. Ne2 g5 12. d5
Nf6 13. Qd3 Bd7 14. h4 Ng4+ 15. Kg1 Ne5 16. Qc3 Nxf3+ 17. Qxf3
Qg7 18. hxg5 Bxg5 19. Nxf4 Qd4+ 20. Be3 Qf6 21. Rf1 a5 22. Qd1
c5 23. dxc6 Nxc6 24. Nd5 Bxe3+ 25. Nxe3 Qe5 26. Rh5 Qxe4
27. Nc4 Qd4+ 28. Qxd4 Nxd4 29. Nxd6+ Ke7 30. Nxf7 Rhf8
31. Rxh7 Bf5 32. Rh5 Be6 33. Bxe6 Nxe6 34. Rh7 Nd4 35. c3 Ne2+
36. Kh2 Kd7 37. Rd1+ Kc7 38. Ne5+ Kc8 39. Rdd7 Ra6 40. Rc7+
Kb8 41. Rxb7+ Ka8 42. Rbc7 1-0

[Event "3rd Szeged Cup"]
[Site "Szeged HUN"]
[Date "2006.09.12"]
[EventDate "2006.09.10"]
[Round "4"]
[Result "1-0"]
[White "Anna Muzychuk"]
[Black "Ticia Gara"]
[WhiteElo "2456"]
[BlackElo "2309"]
[PlyCount "85"]

1. e4 c5 2. Nf3 d6 3. Nc3 Nc6 4. Bb5 Bg4 5. h3 Bxf3 6. Bxc6+
bxc6 7. Qxf3 e5 8. d3 Be7 9. O-O Nf6 10. Qe2 O-O 11. f4 Nd7
12. b3 exf4 13. Bxf4 Bf6 14. Bd2 Qe7 15. Rae1 Bh4 16. Rb1 Bf6
17. Qf3 Rae8 18. Rbe1 Bg5 19. Bxg5 Qxg5 20. Nd1 Re6 21. Ne3 g6
22. g4 h5 23. Qg3 hxg4 24. Nxg4 Kg7 25. h4 Qh5 26. Ne3 Kh8
27. Ng2 Qh6 28. Re2 Nf6 29. Ref2 Nh5 30. Qg4 Re7 31. Nf4 Rg8
32. Rg2 Nxf4 33. Rxf4 Qg7 34. Qg5 Rge8 35. h5 Re6 36. Rfg4 Kg8
37. hxg6 Rxg6 38. Qxg6 fxg6 39. Rxg6 Re7 40. Rxg7+ Rxg7
41. Kf2 Rxg2+ 42. Kxg2 Kf7 43. Kf3 1-0

[Event "3rd Szeged Cup"]
[Site "Szeged HUN"]
[Date "2006.09.13"]
[EventDate "2006.09.10"]
[Round "5"]
[Result "1/2-1/2"]
[White "Ildiko Madl"]
[Black "Anna Muzychuk"]
[WhiteElo "2375"]
[BlackElo "2456"]
[PlyCount "45"]

1. e4 c5 2. Nf3 e6 3. d4 cxd4 4. Nxd4 a6 5. Bd3 Bc5 6. Nb3 Ba7
7. Qe2 Nc6 8. Be3 d6 9. O-O e5 10. Bxa7 Rxa7 11. Nc3 Nge7
12. Qe3 Be6 13. Rfd1 b5 14. Bf1 Rd7 15. Nd5 O-O 16. c4 Qb8
17. Rac1 Rfd8 18. Qb6 Qxb6 19. Nxb6 Rb7 20. Nd5 bxc4 21. Bxc4
Bxd5 22. Bxd5 Rb6 23. Bxc6 1/2-1/2

[Event "3rd Szeged Cup"]
[Site "Szeged HUN"]
[Date "2006.09.14"]
[EventDate "2006.09.10"]
[Round "6"]
[Result "0-1"]
[White "Regina Pokorna"]
[Black "Anna Muzychuk"]
[WhiteElo "2342"]
[BlackElo "2456"]
[PlyCount "120"]

1. e4 d5 2. exd5 Nf6 3. Bb5+ Bd7 4. Be2 Nxd5 5. d4 Bf5 6. Nf3
e6 7. O-O Be7 8. c4 Nb4 9. Na3 O-O 10. Be3 c6 11. h3 Nd7
12. Qd2 a5 13. Rfd1 Bf6 14. Bf4 Re8 15. Ne5 Nxe5 16. dxe5 Be7
17. Qc3 Qc7 18. Be3 Red8 19. Bd4 Rd7 20. c5 Rad8 21. Nc4 Rxd4
22. Rxd4 Rxd4 23. Qxd4 Nc2 24. Qd1 Nxa1 25. Nd6 Nc2 26. Nxf5
exf5 27. Qxc2 Qxe5 28. Bc4 Bxc5 29. Qe2 Qe4 30. Bd3 Qd5
31. Bc4 Qd7 32. Qd3 Bd4 33. a4 g6 34. b3 Kg7 35. Kf1 Qd6
36. Qd2 Qe5 37. Qe2 Qh2 38. Qd2 Qe5 39. Qe2 Qf4 40. g3 Qe4
41. Kg1 h5 42. Bd3 Qd5 43. Bc4 Qd7 44. Qd2 b5 45. Bf1 bxa4
46. bxa4 Qd6 47. Bg2 c5 48. Qxa5 Qxg3 49. Qd2 Qb3 50. Bc6 Qxh3
51. a5 Qg3+ 52. Kf1 Qa3 53. Bd5 Bc3 54. Qe3 Qxa5 55. Qe7 Qa6+
56. Kg2 Qf6 57. Qxc5 Bd4 58. Qc7 h4 59. Qd7 Bc5 60. Qc7 Qd4
0-1

[Event "3rd Szeged Cup"]
[Site "Szeged HUN"]
[Date "2006.09.15"]
[EventDate "2006.09.10"]
[Round "7"]
[Result "1-0"]
[White "Anna Muzychuk"]
[Black "Veronika Schneider"]
[WhiteElo "2456"]
[BlackElo "2195"]
[PlyCount "135"]

1. e4 d5 2. Nc3 dxe4 3. Nxe4 Bf5 4. Qf3 Bg6 5. h4 h6 6. Bc4 e6
7. Ne2 Nd7 8. d4 Be7 9. Nf4 Bxe4 10. Qxe4 Ngf6 11. Qxb7 O-O
12. c3 c5 13. dxc5 Ne5 14. Bb3 Nfg4 15. Qe4 Bxc5 16. Be3 Bxe3
17. fxe3 Qb6 18. Qd4 Rfd8 19. Qxb6 axb6 20. Ke2 g5 21. hxg5
hxg5 22. g3 gxf4 23. gxf4 Rd3 24. Rh3 Rad8 25. fxe5 Rd2+
26. Ke1 Rg2 27. Rd1 Rxd1+ 28. Bxd1 Nxe5 29. Be2 Ng4 30. Bxg4
Rxg4 31. Kf2 Kf8 32. Rh8+ Ke7 33. Rb8 Ra4 34. a3 Ra6 35. Rb7+
Kf6 36. Ke2 Kg6 37. Kd3 f5 38. Kc4 Ra4+ 39. Kd3 Ra6 40. Kd4
Kf6 41. c4 e5+ 42. Kd3 Ke6 43. Rh7 Kf6 44. Rh6+ Kg5 45. Re6
e4+ 46. Kd2 Ra4 47. Rc6 Kg4 48. Ke2 Kg3 49. Rxb6 Rxc4 50. Rg6+
Kh4 51. Kd2 Kh5 52. Rd6 Kg4 53. Rd5 f4 54. exf4 Kf3 55. Re5
Kf2 56. f5 Rd4+ 57. Kc3 Ke3 58. f6 Rd3+ 59. Kc4 Rd8 60. f7 Rf8
61. Rf5 Kd2 62. Kd5 e3 63. Ke6 e2 64. Re5 Rb8 65. Ke7 Rb7+
66. Kf6 e1=Q 67. Rxe1 Kxe1 68. f8=Q 1-0

[Event "3rd Szeged Cup"]
[Site "Szeged HUN"]
[Date "2006.09.16"]
[EventDate "2006.09.10"]
[Round "8"]
[Result "1/2-1/2"]
[White "Nino Khurtsidze"]
[Black "Anna Muzychuk"]
[WhiteElo "2414"]
[BlackElo "2456"]
[PlyCount "81"]

1. d4 f5 2. Nc3 d5 3. Nf3 Nf6 4. Bf4 c6 5. e3 e6 6. Bd3 Be7
7. Ne2 O-O 8. O-O Nbd7 9. c4 Ne4 10. h3 b6 11. Ne5 Bb7 12. f3
Nxe5 13. Bxe5 Nd6 14. Qc2 Qd7 15. b4 dxc4 16. Bxc4 Nxc4
17. Qxc4 a5 18. bxa5 Ba6 19. Qc2 Bxe2 20. Qxe2 Rxa5 21. Rac1
Rfa8 22. Rc2 b5 23. e4 fxe4 24. Qxe4 R5a6 25. Rfc1 Rc8 26. Re1
Bf8 27. Bg3 c5 28. dxc5 Rxc5 29. Kh1 Rxc2 30. Qxc2 Qd5 31. Re2
Rc6 32. Qd2 Rc4 33. Be5 Ra4 34. Kh2 Qxd2 35. Rxd2 Kf7 36. g4
Be7 37. Kg3 Bf6 38. Bd6 Be7 39. Be5 Bf6 40. Bd6 Be7 41. Be5
1/2-1/2

[Event "Ekipno DP Slovenije - Drzavna liga"]
[Site "Murska Sobota"]
[Date "2006.11.25"]
[EventDate "?"]
[Round "1"]
[Result "1/2-1/2"]
[White "Zoran Velickovic"]
[Black "Anna Muzychuk"]
[WhiteElo "2407"]
[BlackElo "2452"]
[PlyCount "93"]

1. Nf3 f5 2. g3 Nf6 3. Bg2 g6 4. d4 Bg7 5. c4 d6 6. O-O O-O
7. Nc3 e6 8. b4 Qe7 9. Qb3 Kh8 10. Bb2 c6 11. c5 dxc5 12. bxc5
Nbd7 13. Na4 Ne4 14. Rad1 Rb8 15. Ne5 Rd8 16. Bxe4 fxe4
17. Qe3 Nxe5 18. dxe5 Rd5 19. Qxe4 b5 20. cxb6 axb6 21. f4 Bb7
22. Nc3 Rxd1 23. Rxd1 Rd8 24. Rxd8+ Qxd8 25. Qd3 Qxd3 26. exd3
Ba6 27. d4 Bc4 28. Kf2 Bf8 29. a3 h5 30. Ke3 Kg7 31. Ne4 Be7
32. Nd2 Bd5 33. h4 Kf7 34. Kd3 b5 35. Ne4 Bc4+ 36. Kd2 Bd5
37. Nc3 Bb3 38. Nb1 Ba2 39. Nc3 Bc4 40. Nd1 c5 41. Kc3 Be2
42. Ne3 cxd4+ 43. Kxd4 Ke8 44. Nc2 Bd1 45. Ne3 Be2 46. Nc2 Bd1
47. Ne3 1/2-1/2